00589nam a22002057a 450000500170000001000130001702000210003003500130005103700160006404000120008008200150009210000190010724500760012626000370020227000450023930000210028450000190030565000260032465000330035020170124105938.0 aA-600967 c00.00a818540223 aA-600967 bCen Lib/Ret aDPLbEN a333.7bSAK aSaksena, K. D. aEnvironmental planning policies programmes in India /cby K. D. Saksena aDelhibShipra Publicationsc1993 a115A,Vikas Marg ShakarpurbDelhie110092 a296p. c20cm(Hb) aIncludes index aEnvironmental Science aEnvironmental planning-India